000 00423nam a2200181Ia 4500
001 24067
005 20260414151019.0
008 260414t2012||||xx |||||||||||||| ||spa||
041 _aESP
082 _a759.46
_bP85
100 _aBMW Ibérica
_eAUT
245 0 _aXXVII premio BMW de pintura
_b
260 _c2012
300 _aVarias páginas :
_c31 cm.
650 _aABD
654 _aCAU
942 _cLIB
_dJUS
_fJUS
_2ddc
_n
999 _c24067
_d24067